| 000 | 00656nam a2200181 i 4500 | ||
|---|---|---|---|
| 001 | 185069 | ||
| 003 | ES-MaACL | ||
| 005 | 20250911063608.0 | ||
| 008 | 160317s1919 pl |||| | fre d | ||
| 100 | 1 |
_aKutrzeba, Stanislaw, _d1876-1946 _9159115 |
|
| 245 | 1 | 3 |
_aLa question juive en Pologne _b: essai historique / _cStanislaw Kutrzeba. |
| 260 |
_aCracovie : _b[s.n.], _c1919 ( _fImprimerie de l'Université) |
||
| 300 |
_a58 p. ; _c22 cm. |
||
| 500 | _aEn port.: Publications du bureau des travaux préliminaires pour le Congrès de Paris. | ||
| 650 | 4 |
_aJudíos- _zPolonia. _9159116 |
|
| 852 |
_aES-MaACL _j1715-F-14 |
||
| 999 |
_c185069 _d185069 |
||